Statistics for Pokémon Found in Caves (Kanto)

Click here to take the quiz!

General Stats

  • This quiz has been taken 172 times
    (69 since last reset)
  • The average score is 83 of 133

Answer Stats

GameCaveTypePokémon% Correct
RBYMt. MoonRock/GroundGeodude
98%
RBYRock TunnelRock/GroundGeodude
98%
RBYVictory RoadRock/GroundGeodude
98%
RBYVictory RoadPoison/FlyingZubat
95%
RBYMt. MoonPoison/FlyingZubat
95%
RBYRock TunnelPoison/FlyingZubat
95%
LGPEDiglett's CavePoison/FlyingZubat
95%
RBYSeafoam IslandsPoison/FlyingZubat
95%
RBYMt. MoonFairyClefairy
89%
RBYDiglett's CaveGroundDiglett
89%
RBYDiglett's CaveGroundDugtrio
89%
RBYSeafoam IslandsPoison/FlyingGolbat
89%
RBYCerulean CavePoison/FlyingGolbat
89%
CRock TunnelPoison/FlyingGolbat
89%
RBYVictory RoadPoison/FlyingGolbat
89%
FRLGRock TunnelRock/GroundGraveler
89%
YCerulean CaveRock/GroundGraveler
89%
RBYVictory RoadRock/GroundGraveler
89%
RBYVictory RoadFightingMachoke
86%
GSCRock TunnelFightingMachoke
86%
FRLGCerulean CaveFightingMachoke
86%
RBVictory RoadFightingMachop
86%
RBYRock TunnelFightingMachop
86%
RBMt. MoonBug/GrassParas
86%
LGPEMt. MoonRock/GroundOnix
84%
RBYVictory RoadRock/GroundOnix
84%
RBYRock TunnelRock/GroundOnix
84%
CVictory RoadRock/GroundRhydon
82%
RBYCerulean CaveRock/GroundRhydon
82%
YCerulean CaveRock/GroundRhyhorn
80%
LGPERock TunnelRock/GroundRhyhorn
80%
GSCVictory RoadRock/GroundRhyhorn
80%
YMt. MoonGroundSandshrew
75%
LGPEMt. MoonFairyClefable
73%
RBYCerulean CaveBug/GrassParasect
73%
BYCerulean CaveGroundSandslash
71%
GMt. MoonGroundSandslash
71%
CVictory RoadGroundSandslash
71%
LGCerulean CaveWater/PsychicSlowbro
71%
RBCerulean CaveWater/PsychicSlowbro
71%
BRYSeafoam IslandsWater/PsychicSlowbro
71%
RBYSeafoam IslandsIce/FlyingArticuno
70%
RBYVictory RoadFire/FlyingMoltres
70%
RBYSeafoam IslandsWater/PsychicSlowpoke
70%
LGCerulean CaveWater/PsychicSlowpoke
70%
RBYSeafoam IslandsWater/IceDewgong
68%
RBYSeafoam IslandsWaterMagikarp
68%
RBYCerulean CaveWaterMagikarp
68%
RBYSeafoam IslandsWaterSeel
68%
LGPESeafoam IslandsWater/PoisonTentacruel
68%
CRock TunnelGhost/PoisonHaunter
66%
YSeafoam IslandsWater/PoisonTentacool
66%
GSCRock TunnelGroundCubone
64%
FRLGSeafoam IslandsWater/FlyingGyarados
64%
FRLGCerulean CaveWater/FlyingGyarados
64%
LGPEVictory RoadFightingHitmonchan
64%
RBCerulean CaveGroundMarowak
64%
RBVictory RoadGroundMarowak
64%
GSCRock TunnelGroundMarowak
64%
RBYCerulean CavePsychicMewtwo
64%
FRLGCerulean CaveFightingPrimeape
64%
FRLGVictory RoadFightingPrimeape
64%
RBSeafoam IslandsWaterPsyduck
64%
FRCerulean CaveWaterPsyduck
64%
LGPEVictory RoadNormalChansey
63%
LGPEMt. MoonNormalChansey
63%
LGPEDiglett's CaveNormalChansey
63%
RBYCerulean CaveNormalChansey
63%
RBSeafoam IslandsWaterGolduck
63%
FRCerulean CaveWaterGolduck
63%
HGSSSeafoam IslandsIce/PsychicJynx
63%
RBYCerulean CaveWaterSeaking
63%
LGPESeafoam IslandsWater/IceCloyster
61%
RBYSeafoam IslandsWaterGoldeen
61%
RBYCerulean CaveWaterGoldeen
61%
LGPEVictory RoadFightingHitmonlee
61%
RBCerulean CaveWaterSeadra
61%
RSeafoam IslandsWaterSeadra
61%
RBVictory RoadBug/PoisonVenomoth
61%
RBYCerulean CaveBug/PoisonVenomoth
61%
RBSeafoam IslandsWaterHorsea
59%
FRLGRock TunnelFightingMankey
59%
RBYSeafoam IslandsWaterPoliwag
59%
RBYCerulean CaveWaterPoliwag
59%
FRLGCerulean CaveWaterPoliwhirl
59%
LGPECerulean CaveWater/FightingPoliwrath
59%
RBSeafoam IslandsWaterShellder
59%
RBCerulean CavePsychicHypno
57%
RBCerulean CavePsychicKadabra
57%
RBCerulean CaveElectric/SteelMagneton
57%
RCerulean CavePoisonArbok
55%
FRVictory RoadPoisonArbok
55%
YCerulean CaveGrass/PoisonGloom
54%
GSCRock TunnelNormalKangaskhan
54%
RBYSeafoam IslandsWaterStaryu
54%
BYSeafoam IslandsWaterKingler
52%
RBCerulean CaveWaterKingler
52%
BYSeafoam IslandsWaterKrabby
52%
HGSSSeafoam IslandsSteel/PsychicBronzor
48%
HGSSRock TunnelPsychic/SteelBronzor
48%
HGSSDiglett's Cave(Sound)Steel/PsychicBronzor
48%
HGSSMt. Moon(Sound)Steel/PsychicBronzor
48%
HGSSVictory RoadSteel/PsychicBronzor
48%
RBYCerulean CaveNormalDitto
46%
RBCerulean CaveElectricElectrode
46%
YCerulean CaveGrass/PoisonWeepinbell
46%
RBCerulean CaveNormal/FairyWigglytuff
46%
HGSSSeafoam IslandsDarkAbsol
41%
HGSSVictory RoadDarkAbsol
41%
HGSSMt. Moon(Sound)DarkAbsol
41%
HGSSRock TunnelDarkAbsol
41%
HGSSDiglett's Cave(Sound)DarkAbsol
41%
RBCerulean CaveElectricRaichu
41%
HGSSVictory RoadFightingMakuhita
39%
HGSSDiglett's Cave(Sound)FightingMakuhita
39%
HGSSSeafoam IslandsFightingMakuhita
39%
HGSSMt. Moon(Sound)FightingMakuhita
39%
HGSSRock TunnelFightingMakuhita
39%
LGPECerulean CaveNormalLickitung
38%
LGPECerulean CaveNormalSnorlax
38%
RBCerulean CaveNormal/FlyingDodrio
36%
LGPERock TunnelFireCharmander
32%
SSCerulean CaveNormalPersian
32%
LGPESeafoam IslandsWaterSquirtle
32%
SVictory RoadGroundDonphan
25%
FRLGCerulean CavePsychicWobbuffet
23%
HGSSDiglett's Cave(Trade)RockBonsly
21%
HGSSMt. Moon(Sound)PsychicChingling
20%
HGSSDiglett's Cave(Sound)PsychicChingling
20%
HGSSVictory RoadPsychicChingling
20%
HGSSSeafoam IslandsPsychicChingling
20%
HGSSRock TunnelPsychicChingling
20%
GVictory RoadNormalUrsaring
11%

Score Distribution

Percentile by Number Answered

Percent of People with Each Score

Your Score History

You have not taken this quiz since the last reset